00457nam a2200145Ia 4500008004100000020001800041041000800059082001900067100003500086245010000121250000600221260004900227300001300276650002200289210716s2013 xx 000 0 und d a9788181476425 aeng a621.38212 ZHAF aZhao, Feng;Guibas, Leonidas J. aWireless sensor networks: an information processing approach.bInformation processing approach. a1 aNew DelhibReed Elsevier India Pvt Ltdc2013 axvii,358 aComputer Networks